000 00445nam a2200181Ia 4500
001 18333
005 20260306171623.0
008 260306s9999||||xx |||||||||||||| ||und||
041 _aESP
082 _a658.403
_bR41 2016
100 _aRender, Barry
_eAUT
245 0 _aMétodos cuantitativos para los negocios
260 _c2016
300 _axviii, 587 páginas :
_c27 cm.
650 _aGEN
654 _aCAN
942 _cLIB
_dJUS
_fJUS
_2ddc
_n
999 _c18333
_d18333